000 00299nam a2200121Ia 4500
005 20251222155211.0
008 251222s9999||||xx |||||||||||||| ||spa||
082 _aSOC.52
100 _aCONSEJO INTERNACIONAL.
245 0 _aXX Congreso cuadrienal de Enfermería
264 _bNo tiene
942 _cLIB
999 _c40316
_d40316